Vplyv odpisovej politiky na podnikateľské subjekty na Slovensku

Analýza dlhodobého hmotného majetku, vybraného podnikateľského subjektu, hlavne na jeho evidencie a porovnanie spôsobov odpisovania majetku podniku od jeho nadobudnutia pred rokom 2015 a posúdenie zmien v odpisovaní od 1.1.2015 po ich uvedení v zákone 595/2003 Z. z. o dani z príjmov v znení neskorší...

Full description

Saved in:
Bibliographic Details
Main Author: Ölvecká, Viera
Format: Book Chapter
Language:Slovak
Subjects:
Tags: Add Tag
No Tags, Be the first to tag this record!

MARC

LEADER 00000nla a2200000 4500
001 0227000
005 20240417075111.4
041 0 |a slo 
044 |a SK 
245 1 0 |a Vplyv odpisovej politiky na podnikateľské subjekty na Slovensku  |c Viera Ölvecká 
520 |a Analýza dlhodobého hmotného majetku, vybraného podnikateľského subjektu, hlavne na jeho evidencie a porovnanie spôsobov odpisovania majetku podniku od jeho nadobudnutia pred rokom 2015 a posúdenie zmien v odpisovaní od 1.1.2015 po ich uvedení v zákone 595/2003 Z. z. o dani z príjmov v znení neskorších predpisov. 
610 2 0 |a podnik 
610 2 0 |a odpisy účtovné 
610 2 0 |a majetok 
610 2 0 |a zisk 
610 2 0 |a základ dane 
610 2 0 |a dane z príjmov 
100 1 |a Ölvecká, Viera